000 00456nam a2200097Ia 4500
082 _aR|496.3903|BENN
245 0 _aMultilingual illustrated dictionary : English, IsiZulu, Sesotho, IsiXhosa, Setswana, Afrikaans, Sepedi : dictionary, isichazimazwi, bukantswe, isichazi-magama, bukafoko, woordeboek, pukuntsu
100 _a BENNETT, John Cape Town, South Africa, 2006 1st ed
_969771
942 _cBK
008 210817s9999 xx 000 0 und d
999 _c225610
_d225610